| 000 -LEADER |
| fixed length control field |
00773nam a2200205Ia 4500 |
| 001 - CONTROL NUMBER |
| control field |
17301 |
| 003 - CONTROL NUMBER IDENTIFIER |
| control field |
GE_BSU |
| 008 - FIXED-LENGTH DATA ELEMENTS--GENERAL INFORMATION |
| fixed length control field |
181216s||||||||xx |||||||||||||| ||und|| |
| 040 ## - CATALOGING SOURCE |
| Transcribing agency |
GE_BSU |
| 080 ## - UNIVERSAL DECIMAL CLASSIFICATION NUMBER |
| Universal Decimal Classification number |
821.353.1(092 ბარათაშვილი,ნ.)(084.12) |
| 245 ## - TITLE STATEMENT |
| Title |
ფოტო-ალბომი[ტექსტით] |
| 245 ## - TITLE STATEMENT |
| Statement of responsibility, etc. |
შემდგ.:სოლომონ ხუციშვილი;რედ.:ვახტანგ ჯავახაძე;მხატვ.:დავით დუნდუა. |
| 260 ## - PUBLICATION, DISTRIBUTION, ETC. |
| Place of publication, distribution, etc. |
თბილისი |
| 260 ## - PUBLICATION, DISTRIBUTION, ETC. |
| Name of publisher, distributor, etc. |
საბჭ.საქართველო |
| 260 ## - PUBLICATION, DISTRIBUTION, ETC. |
| Date of publication, distribution, etc. |
1968 |
| 300 ## - PHYSICAL DESCRIPTION |
| Extent |
92გვ.;27სმ. |
| 300 ## - PHYSICAL DESCRIPTION |
| Accompanying material |
ფოტოები |
| 653 ## - INDEX TERM--UNCONTROLLED |
| Uncontrolled term |
ფოტო - ალბომი |
| 942 ## - ADDED ENTRY ELEMENTS (KOHA) |
| Koha item type |
წიგნი |